| 000 | 00771nam a22002297a 4500 | ||
|---|---|---|---|
| 005 | 20170124105919.0 | ||
| 010 | _aA-592393 | ||
| 020 |
_c00.00 _a8120714202 |
||
| 035 | _aA-592393 | ||
| 037 | _bCen Lib/Ret | ||
| 040 |
_aDPL _bEN |
||
| 082 |
_a307.720954 _bIMA |
||
| 245 |
_aImages of rural India in the 20th Century / _cedited by Alok Bhalla [and] Peter J. Bumker |
||
| 260 |
_aNew Delhi _bSterling Publishers _c1992 |
||
| 270 |
_aL-10,green park Extension _bNew Delhi _e110016 |
||
| 300 |
_av,303p. _c21cm(Hb) |
||
| 650 |
_aSocio-Religious Reform Movement _zIndia _93658 |
||
| 650 |
_aIntellectual Constructions-Village Community _93659 |
||
| 700 |
_aBhalla,Alok _929676 |
||
| 700 |
_aBumker,Peter J. _93662 |
||
| 942 |
_2ddc _cEN _h307.720954 _mIMA |
||
| 999 |
_c123015 _d123015 |
||